[Event "Niedersachsen-ch Seniors 49th"]
[Site "Wesel Undeloh"]
[Date "2015.07.25"]
[Round "7"]
[White "Gutknecht, Christa"]
[Black "Fehsenfeld, Kurt"]
[Result "1/2-1/2"]
[WhiteElo "1631"]
[BlackElo "1545"]
[PlyCount "36"]
[EventDate "2015.07.19"]
[EventType "swiss"]
[EventRounds "7"]
[EventCountry "GER"]
[SourceTitle "EXT 2018"]
[Source "ChessBase"]
[SourceDate "2017.10.13"]
[SourceVersion "1"]
[SourceVersionDate "2017.10.13"]
[SourceQuality "1"]

1. d4 d5 2. Nf3 Nf6 3. e3 e6 4. Bd3 c5 5. c3 Nc6 6. Nbd2 Be7 7. 0-0 0-0 8. dxc5 Bxc5 9. e4 dxe4 10. Nxe4 Nxe4 11. Bxe4 Qxd1 12. Rxd1 Rd8 13. Rxd8+ Nxd8 14. Bf4 Bd7 15. Ne5 Bb5 16. Rd1 f6 17. Nf3 e5 18. Bg3 Rc8 1/2-1/2

[Event "Niedersachsen-ch Seniors 49th"]
[Site "Wesel Undeloh"]
[Date "2015.07.24"]
[Round "6"]
[White "Wraga, Teresa"]
[Black "Gutknecht, Christa"]
[Result "1/2-1/2"]
[WhiteElo "1477"]
[BlackElo "1631"]
[PlyCount "23"]
[EventDate "2015.07.19"]
[EventType "swiss"]
[EventRounds "7"]
[EventCountry "GER"]
[SourceTitle "EXT 2018"]
[Source "ChessBase"]
[SourceDate "2017.10.13"]
[SourceVersion "1"]
[SourceVersionDate "2017.10.13"]
[SourceQuality "1"]

1. e4 d6 2. Nc3 Nf6 3. g3 e5 4. Bg2 Nbd7 5. Nge2 Be7 6. 0-0 0-0 7. d4 c6 8. h3 Nb6 9. dxe5 dxe5 10. Qxd8 Rxd8 11. b3 Be6 12. Be3 1/2-1/2

[Event "Niedersachsen-ch Seniors 49th"]
[Site "Wesel Undeloh"]
[Date "2015.07.19"]
[Round "1"]
[White "Hilburt, Leonid"]
[Black "Gutknecht, Christa"]
[Result "1-0"]
[WhiteElo "1950"]
[BlackElo "1631"]
[PlyCount "85"]
[EventDate "2015.07.19"]
[EventType "swiss"]
[EventRounds "7"]
[EventCountry "GER"]
[SourceTitle "EXT 2018"]
[Source "ChessBase"]
[SourceDate "2017.10.13"]
[SourceVersion "1"]
[SourceVersionDate "2017.10.13"]
[SourceQuality "1"]

1. e4 d6 2. d4 Nf6 3. Bd3 e5 4. Ne2 Nbd7 5. 0-0 Be7 6. c3 0-0 7. Ng3 Re8 8. Nf5 Bf8 9. Qc2 Nb6 10. f4 Bxf5 11. fxe5 dxe5 12. Rxf5 exd4 13. Bg5 Be7 14. Nd2 g6 15. Rf3 dxc3 16. bxc3 Nh5 17. Be3 c6 18. Raf1 Rf8 19. Bh6 Ng7 20. Qb3 Bc5+ 21. Kh1 Qe7 22. Nc4 Qe6 23. Nxb6 Qxb3 24. axb3 axb6 25. Bc4 b5 26. Bxf7+ Kh8 27. e5 Be7 28. g3 Rfd8 29. Bxg6 Rf8 30. Bf7 c5 31. Bd5 Rxf3 32. Rxf3 Rf8 33. Rxf8+ Bxf8 34. Bxb7 Be7 35. Be4 b4 36. cxb4 cxb4 37. Kg2 Ne6 38. Bd5 Nd4 39. g4 Bc5 40. h4 Nc2 41. Kf3 Nd4+ 42. Ke4 Ne2 43. Kf5 1-0

[Event "Niedersachsen-ch Seniors 44th"]
[Site "Cadenberge"]
[Date "2010.04.13"]
[Round "1"]
[White "Hilburt, Leonid"]
[Black "Gutknecht, Christa"]
[Result "1-0"]
[WhiteElo "1954"]
[BlackElo "1646"]
[PlyCount "71"]
[EventDate "2010.04.13"]
[EventType "swiss"]
[EventRounds "9"]
[EventCountry "GER"]
[SourceTitle "EXT 2019"]
[Source "ChessBase"]
[SourceDate "2018.10.10"]
[SourceVersion "1"]
[SourceVersionDate "2018.10.10"]
[SourceQuality "1"]

1. e4 d5 2. exd5 Qxd5 3. Nc3 Qa5 4. d4 c6 5. Bc4 Bf5 6. Nf3 Nf6 7. 0-0 e6 8. Re1 Nbd7 9. Bd2 Bb4 10. a3 Bxc3 11. Bxc3 Qc7 12. b4 0-0 13. h3 h6 14. Qe2 Nd5 15. Bb2 Rfe8 16. Bb3 a5 17. Qd2 axb4 18. axb4 Qb6 19. c3 N7f6 20. Ne5 Ne4 21. Qc1 Nef6 22. Qd1 Ne4 23. Rc1 Nef6 24. Qf3 Qc7 25. Re2 b6 26. Rce1 c5 27. b5 c4 28. Bxc4 Bh7 29. Bb3 Rac8 30. c4 Ne7 31. g4 Ng6 32. d5 exd5 33. cxd5 Nh4 34. Qg3 Ng6 35. d6 Qxd6 36. Bxf7+ 1-0

[Event "Bad Bevensen Seniors op 12th"]
[Site "Bad Bevensen"]
[Date "2009.07.14"]
[Round "8"]
[White "Schmidt, Joern"]
[Black "Gutknecht, Christa"]
[Result "1/2-1/2"]
[WhiteElo "1571"]
[BlackElo "1648"]
[PlyCount "91"]
[EventDate "2009.07.07"]
[EventType "swiss"]
[EventRounds "9"]
[EventCountry "GER"]
[SourceTitle "EXT 2022"]
[Source "ChessBase"]
[SourceDate "2021.10.06"]
[SourceVersion "1"]
[SourceVersionDate "2021.10.06"]
[SourceQuality "1"]

1. d4 d6 2. c4 Nf6 3. Nc3 e5 4. dxe5 dxe5 5. Qxd8+ Kxd8 6. Bg5 c6 7. 0-0-0+ Kc7 8. h3 Be6 9. e4 Nbd7 10. Nf3 Bb4 11. Bxf6 gxf6 12. a3 Bxc3 13. bxc3 Nc5 14. Nd2 Rad8 15. Kc2 f5 16. f3 f6 17. Be2 Rd7 18. Nb3 Nxb3 19. Rxd7+ Bxd7 20. Kxb3 c5 21. g4 f4 22. Rd1 h5 23. Rd2 hxg4 24. hxg4 Be6 25. Kc2 Rh2 26. Bd3 Rxd2+ 27. Kxd2 Kb6 28. Kc2 Ka5 29. Kb2 a6 30. Be2 Bd7 31. Bd1 Be6 32. Be2 b5 33. cxb5 axb5 34. Bd3 Bf7 35. Be2 b4 36. axb4+ cxb4 37. cxb4+ Kxb4 38. Kc2 Bc4 39. Bd3 Bb3+ 40. Kd2 Be6 41. Be2 Bb3 42. Bd3 Kc5 43. Bf1 Kd4 44. Ba6 Bc4 45. Bxc4 Kxc4 46. Kc2 1/2-1/2

[Event "Bad Bevensen Seniors op 12th"]
[Site "Bad Bevensen"]
[Date "2009.07.12"]
[Round "6"]
[White "Gutknecht, Christa"]
[Black "Badenstedt, Hans Dieter"]
[Result "1/2-1/2"]
[WhiteElo "1648"]
[BlackElo "1771"]
[PlyCount "51"]
[EventDate "2009.07.07"]
[EventType "swiss"]
[EventRounds "9"]
[EventCountry "GER"]
[SourceTitle "EXT 2022"]
[Source "ChessBase"]
[SourceDate "2021.10.06"]
[SourceVersion "1"]
[SourceVersionDate "2021.10.06"]
[SourceQuality "1"]

1. d4 e6 2. Nf3 f5 3. Bf4 Nf6 4. h3 b6 5. Nbd2 Bb7 6. e3 d5 7. Be2 Bd6 8. Bxd6 Qxd6 9. Ne5 0-0 10. 0-0 c5 11. Ndf3 c4 12. c3 b5 13. Nd2 a5 14. f4 b4 15. Bf3 Nbd7 16. Nexc4 dxc4 17. Bxb7 Rab8 18. Bf3 Nb6 19. Qe2 Rfc8 20. e4 fxe4 21. Nxe4 Nxe4 22. Bxe4 Nd5 23. Bxd5 exd5 24. Rae1 Kf8 25. Qe5 Rd8 26. Qf5+ 1/2-1/2

[Event "Bad Bevensen Seniors op 12th"]
[Site "Bad Bevensen"]
[Date "2009.07.10"]
[Round "4"]
[White "Garbe, Eckhard"]
[Black "Gutknecht, Christa"]
[Result "0-1"]
[WhiteElo "1432"]
[BlackElo "1648"]
[PlyCount "78"]
[EventDate "2009.07.07"]
[EventType "swiss"]
[EventRounds "9"]
[EventCountry "GER"]
[SourceTitle "EXT 2022"]
[Source "ChessBase"]
[SourceDate "2021.10.06"]
[SourceVersion "1"]
[SourceVersionDate "2021.10.06"]
[SourceQuality "1"]

1. d4 d6 2. c4 Nf6 3. Nc3 e5 4. d5 Nbd7 5. e4 Be7 6. Bd3 c6 7. Nf3 0-0 8. h3 Nc5 9. Bc2 a5 10. a3 Bd7 11. Be3 Na6 12. Nd2 Ne8 13. g4 Bg5 14. Qe2 Bxe3 15. Qxe3 Rc8 16. 0-0-0 Qc7 17. f4 b5 18. fxe5 dxe5 19. b3 b4 20. Ncb1 Qd6 21. a4 Nc5 22. Nf3 f6 23. Rd2 Nb7 24. dxc6 Qxc6 25. Rhd1 Be6 26. Nh4 Ned6 27. Nf3 Bxc4 28. bxc4 Nxc4 29. Qb3 Kh8 30. Rd5 Ne3 31. R1d2 Nxd5 32. exd5 Qc5 33. Qd3 g6 34. h4 Nd6 35. h5 e4 36. Qe2 exf3 37. Qxf3 Nc4 38. Re2 Qg1+ 39. Bd1 Ne5+ 0-1

[Event "BL2 West 0809 (Women)"]
[Site "Germany"]
[Date "2008.12.07"]
[Round "4.3"]
[White "Gutknecht, Christa"]
[Black "Hannes, Diana"]
[Result "0-1"]
[WhiteElo "1812"]
[BlackElo "2055"]
[PlyCount "70"]
[EventDate "2008.11.08"]
[EventType "team-tourn"]
[EventRounds "7"]
[EventCountry "GER"]
[SourceTitle "EXT 2010"]
[Source "ChessBase"]
[SourceDate "2010.11.25"]
[SourceVersion "1"]
[SourceVersionDate "2010.11.25"]
[SourceQuality "1"]
[WhiteTeam "Delmenhorst (W)"]
[BlackTeam "Erfurt Medizin (W)"]
[WhiteTeamCountry "GER"]
[BlackTeamCountry "GER"]

1. d4 Nf6 2. Nf3 e6 3. e3 d5 4. Bd3 c5 5. c3 Nc6 6. Nbd2 Bd6 7. 0-0 0-0 8. dxc5 Bxc5 9. e4 Be7 10. e5 Nd7 11. Re1 f5 12. exf6 Nxf6 13. Nf1 Qc7 14. Bg5 Bd7 15. Bb5 Rae8 16. Re2 a6 17. Bxc6 bxc6 18. Ne5 Bd6 19. Nxd7 Nxd7 20. Bh4 Nf6 21. f3 Nh5 22. Bf2 Rf6 23. Be3 Ref8 24. Rc1 c5 25. Rcc2 Rg6 26. Kh1 Qf7 27. a3 a5 28. Rf2 Nf4 29. Bxf4 Qxf4 30. Rcd2 Qh4 31. Rfe2 Rh6 32. Qe1 Qf6 33. Qf2 Qg6 34. Rc2 Qh5 35. Ng3 Qxh2# 0-1

[Event "BL2 West 0809 (Women)"]
[Site "Germany"]
[Date "2008.12.06"]
[Round "3.4"]
[White "Gutknecht, Christa"]
[Black "Opaska, Ines"]
[Result "0-1"]
[WhiteElo "1812"]
[BlackElo "1821"]
[PlyCount "112"]
[EventDate "2008.11.08"]
[EventType "team-tourn"]
[EventRounds "7"]
[EventCountry "GER"]
[SourceTitle "EXT 2010"]
[Source "ChessBase"]
[SourceDate "2010.11.25"]
[SourceVersion "1"]
[SourceVersionDate "2010.11.25"]
[SourceQuality "1"]
[WhiteTeam "Delmenhorst (W)"]
[BlackTeam "Braunschweig (W)"]
[WhiteTeamCountry "GER"]
[BlackTeamCountry "GER"]

1. d4 f5 2. Nf3 d6 3. c3 Nf6 4. Bf4 g6 5. h3 Bg7 6. Nbd2 b6 7. e3 Bb7 8. Bc4 h6 9. 0-0 Bd5 10. Be2 0-0 11. c4 Bb7 12. Rc1 Nbd7 13. Bh2 Kh7 14. Qc2 Qe8 15. d5 a5 16. Nd4 Nc5 17. N2b3 Nfd7 18. Nb5 Ne5 19. Nxc7 Qd7 20. Nxc5 bxc5 21. Nxa8 Bxa8 22. b3 e6 23. Rcd1 exd5 24. cxd5 Qf7 25. Qd2 g5 26. Bxe5 Bxe5 27. Bf3 h5 28. Be2 g4 29. h4 g3 30. fxg3 Qg7 31. Rf3 Bxg3 32. Bd3 Qg4 33. Rdf1 Qxh4 34. Rxg3 Qxg3 35. Bxf5+ Kh6 36. e4+ Qg5 37. Qd3 Bb7 38. Rf3 Rg8 39. Qe3 Qxe3+ 40. Rxe3 h4 41. Kh2 Rg5 42. Rf3 Kg7 43. Kh3 a4 44. Rf4 axb3 45. axb3 Rg3+ 46. Kxh4 Rxb3 47. Rg4+ Kf7 48. Be6+ Kf6 49. Rf4+ Ke5 50. g3 c4 51. Bg4 c3 52. Rf7 Kxe4 53. Bf3+ Kd3 54. Re7 Rb4+ 55. Kg5 c2 56. Rc7 Kd2 0-1

[Event "Niedersachsen-ch Seniors 42th"]
[Site "Sottrum"]
[Date "2008.04.11"]
[Round "2"]
[White "Gutknecht, Christa"]
[Black "Niebuhr, Gerd"]
[Result "0-1"]
[WhiteElo "1663"]
[BlackElo "1949"]
[PlyCount "86"]
[EventDate "2008.04.10"]
[EventType "swiss"]
[EventRounds "9"]
[EventCountry "GER"]
[SourceTitle "EXT 2022"]
[Source "ChessBase"]
[SourceDate "2021.10.06"]
[SourceVersion "1"]
[SourceVersionDate "2021.10.06"]
[SourceQuality "1"]

1. d4 Nf6 2. Nf3 d5 3. Bf4 g6 4. e3 Bg7 5. h3 0-0 6. Nbd2 c5 7. c3 Nbd7 8. Be2 b6 9. 0-0 Bb7 10. Re1 Ne4 11. Nxe4 dxe4 12. Nd2 e5 13. dxe5 Nxe5 14. Bxe5 Bxe5 15. Qc2 Qe7 16. Rad1 Bc7 17. Nf1 a6 18. Rd2 Rfd8 19. Red1 Kg7 20. a4 Rxd2 21. Rxd2 Rd8 22. Bc4 Rxd2 23. Qxd2 Qd6 24. Qe2 Bc6 25. Bxa6 Bxa4 26. Bc4 Bd1 27. Qd2 f5 28. Qxd6 Bxd6 29. Nd2 Bc2 30. Bb5 Kf6 31. h4 h6 32. g3 g5 33. hxg5+ hxg5 34. Bc6 Bd3 35. Ba4 b5 36. Bd1 c4 37. Kg2 b4 38. cxb4 Bxb4 39. Nf1 Bd6 40. f3 Be5 41. f4 Bxb2 42. Nd2 c3 43. Nb3 c2 0-1

[Event "GER-ch Seniors Gp-B 19th"]
[Site "Templin"]
[Date "2007.08.30"]
[Round "8"]
[White "Gutknecht, Christa"]
[Black "Weber, Siegfried2222"]
[Result "1/2-1/2"]
[WhiteElo "1545"]
[BlackElo "1549"]
[PlyCount "47"]
[EventDate "2007.08.23"]
[EventType "swiss"]
[EventRounds "9"]
[EventCountry "GER"]
[SourceTitle "EXT 2022"]
[Source "ChessBase"]
[SourceDate "2021.10.06"]
[SourceVersion "1"]
[SourceVersionDate "2021.10.06"]
[SourceQuality "1"]

1. d4 d6 2. Nf3 g6 3. Bf4 Nf6 4. Nbd2 Bg7 5. h3 Nbd7 6. c3 0-0 7. e3 Ne8 8. Be2 e5 9. dxe5 Nxe5 10. 0-0 Be6 11. Nd4 Bd7 12. Bg3 c5 13. N4f3 Bc6 14. Qc2 Qe7 15. Rad1 d5 16. Nxe5 Bxe5 17. Bxe5 Qxe5 18. Nf3 Qf6 19. Rd2 Nc7 20. Rfd1 Rad8 21. a4 b6 22. b4 Qe7 23. b5 Ba8 24. c4 1/2-1/2

[Event "GER-ch Seniors Gp-B 19th"]
[Site "Templin"]
[Date "2007.08.27"]
[Round "5"]
[White "Bonsack, Michael"]
[Black "Gutknecht, Christa"]
[Result "0-1"]
[WhiteElo "1359"]
[BlackElo "1545"]
[PlyCount "74"]
[EventDate "2007.08.23"]
[EventType "swiss"]
[EventRounds "9"]
[EventCountry "GER"]
[SourceTitle "EXT 2022"]
[Source "ChessBase"]
[SourceDate "2021.10.06"]
[SourceVersion "1"]
[SourceVersionDate "2021.10.06"]
[SourceQuality "1"]

1. e4 d5 2. exd5 Qxd5 3. Nc3 Qa5 4. d4 c6 5. Nf3 Nf6 6. Bd2 Qd8 7. Bc4 Bf5 8. 0-0 e6 9. Re1 Be7 10. h3 Nbd7 11. Nh4 Bg6 12. Nxg6 hxg6 13. Qf3 Nb6 14. Bb3 Qd7 15. Rad1 0-0-0 16. Bf4 Rh4 17. Be5 g5 18. Bxf6 gxf6 19. Re4 Rdh8 20. Rxh4 Rxh4 21. g4 Nd5 22. Nxd5 cxd5 23. Kg2 f5 24. Qc3+ Kb8 25. f3 Bd6 26. Re1 fxg4 27. fxg4 Bf4 28. Qf3 Qc7 29. Re2 a5 30. c3 Rh8 31. Bc2 Rd8 32. Bd3 Qd6 33. b4 Rc8 34. Rc2 e5 35. dxe5 Qxe5 36. Qe2 Qh8 37. c4 Re8 0-1

[Event "GER-ch Seniors Gp-B 19th"]
[Site "Templin"]
[Date "2007.08.23"]
[Round "1"]
[White "Kraemer, Franz Josef"]
[Black "Gutknecht, Christa"]
[Result "1/2-1/2"]
[WhiteElo "1645"]
[BlackElo "1545"]
[PlyCount "51"]
[EventDate "2007.08.23"]
[EventType "swiss"]
[EventRounds "9"]
[EventCountry "GER"]
[SourceTitle "EXT 2022"]
[Source "ChessBase"]
[SourceDate "2021.10.06"]
[SourceVersion "1"]
[SourceVersionDate "2021.10.06"]
[SourceQuality "1"]

1. e4 d5 2. Nc3 dxe4 3. Nxe4 e6 4. Nf3 Nf6 5. Nxf6+ Qxf6 6. d4 h6 7. Bb5+ c6 8. Bd3 Bd6 9. 0-0 0-0 10. c4 Nd7 11. Bd2 e5 12. Bc3 exd4 13. Bxd4 Ne5 14. Nxe5 Bxe5 15. Bxe5 Qxe5 16. Qc2 Be6 17. Rad1 Rad8 18. Rfe1 Qf6 19. Re3 Kh8 20. Rf3 Qd4 21. Be2 Qc5 22. Rfd3 Rxd3 23. Qxd3 Qe5 24. a3 Bf5 25. Qd6 Qxd6 26. Rxd6 1/2-1/2

[Event "GER-ch Seniors Gp-B 18th"]
[Site "Dresden"]
[Date "2006.07.30"]
[Round "9"]
[White "Donner, Ernst"]
[Black "Gutknecht, Christa"]
[Result "1/2-1/2"]
[WhiteElo "1365"]
[BlackElo "1534"]
[PlyCount "30"]
[EventDate "2006.07.22"]
[EventType "swiss"]
[EventRounds "9"]
[EventCountry "GER"]
[SourceTitle "EXT 2022"]
[Source "ChessBase"]
[SourceDate "2021.10.06"]
[SourceVersion "1"]
[SourceVersionDate "2021.10.06"]
[SourceQuality "1"]

1. e4 c5 2. Nc3 Nc6 3. f4 d6 4. Nf3 Nf6 5. g3 e6 6. Bg2 Be7 7. d3 0-0 8. 0-0 a6 9. Kh1 Rb8 10. Rb1 Bd7 11. Ne2 b5 12. b3 a5 13. Bd2 e5 14. f5 b4 15. Neg1 d5 1/2-1/2

[Event "Wch Seniors 13th"]
[Site "Bad Zwischenahn"]
[Date "2003.??.??"]
[Round "?"]
[White "Gutknecht, Christa"]
[Black "Moeckel, Edgar"]
[Result "1/2-1/2"]
[WhiteElo "1665"]
[BlackElo "1805"]
[PlyCount "113"]
[EventDate "2003.11.16"]
[EventType "swiss"]
[EventRounds "11"]
[EventCountry "GER"]
[SourceTitle "CBM 097 Extra"]
[Source "ChessBase"]
[SourceDate "2004.01.13"]
[SourceVersion "1"]
[SourceVersionDate "2004.01.13"]
[SourceQuality "1"]

1. d4 d5 2. Nf3 Nf6 3. e3 Bg4 4. Nbd2 e6 5. Be2 c5 6. c3 Nc6 7. 0-0 Be7 8. Re1 0-0 9. h3 Bh5 10. dxc5 Bxc5 11. Nb3 Be7 12. Nfd4 Bxe2 13. Qxe2 a6 14. Nxc6 bxc6 15. Nd4 Qb6 16. c4 Rfc8 17. b3 Nd7 18. Bb2 Bf6 19. Rab1 Rab8 20. Rec1 a5 21. Rc2 Qa6 22. Qg4 Ne5 23. Qe2 dxc4 24. bxc4 a4 25. Rbc1 a3 26. Ba1 Nd7 27. Nb3 Bxa1 28. Rxa1 Nf6 29. Rd1 Rd8 30. Rcd2 Qb6 31. Rd4 Rxd4 32. Rxd4 Rd8 33. Qd3 Rxd4 34. exd4 Qb4 35. Qc2 Qe1+ 36. Kh2 h6 37. Nc1 Ne4 38. Nd3 Qc3 39. Qxc3 Nxc3 40. Nc1 Kf8 41. Kg1 Ke7 42. f3 Kd6 43. Kf2 c5 44. Ke3 cxd4+ 45. Kxd4 Na4 46. Nd3 f6 47. f4 g5 48. g3 Kc6 49. Nb4+ Kd6 50. Nc2 e5+ 51. fxe5+ fxe5+ 52. Kd3 Nb2+ 53. Kc3 Nd1+ 54. Kb4 e4 55. Nd4 Ke5 56. Ne2 Nb2 57. Kb5 1/2-1/2

[Event "Wch Seniors 13th"]
[Site "Bad Zwischenahn"]
[Date "2003.??.??"]
[Round "?"]
[White "Kaner, Klim"]
[Black "Gutknecht, Christa"]
[Result "1-0"]
[WhiteElo "1910"]
[BlackElo "1665"]
[PlyCount "69"]
[EventDate "2003.11.16"]
[EventType "swiss"]
[EventRounds "11"]
[EventCountry "GER"]
[SourceTitle "CBM 097 Extra"]
[Source "ChessBase"]
[SourceDate "2004.01.13"]
[SourceVersion "1"]
[SourceVersionDate "2004.01.13"]
[SourceQuality "1"]

1. g3 d6 2. d4 Nf6 3. Bg2 c6 4. e4 Nbd7 5. Ne2 e5 6. Nbc3 Be7 7. Be3 0-0 8. h3 a6 9. g4 Nb6 10. b3 c5 11. d5 Bd7 12. Ng3 Qc7 13. g5 Ne8 14. h4 Rc8 15. Nf5 Bd8 16. Bh3 a5 17. a4 Ra8 18. Nb5 Bxb5 19. axb5 Qb8 20. 0-0 a4 21. c4 axb3 22. Qxb3 g6 23. Nh6+ Kg7 24. f4 Rxa1 25. Rxa1 f6 26. f5 fxg5 27. hxg5 Qc7 28. Rf1 Nd7 29. Bd2 Kh8 30. Bg4 Be7 31. Qh3 Kg7 32. fxg6 Rxf1+ 33. Kxf1 Ndf6 34. gxf6+ Nxf6 35. Nf5+ 1-0